[Event "7th Paul Keres mem"]
[Site "Tallinn URS"]
[Date "1981.03.06"]
[Round "1"]
[White "Bagirov, Vladimir"]
[Black "Tal, Mikhail"]
[Result "1/2-1/2"]
[WhiteElo "2505"]
[BlackElo "2555"]
[EventDate "1981.03.06"]
[PlyCount "36"]

1. d4 Nf6 2. c4 e6 3. Nc3 Bb4 4. Qc2 O-O 5. Nf3 c5 6. dxc5 Na6 7. Bd2 Nxc5 8. e3 b6 9. Be2 Bb7 10. O-O Nce4 11. Nxe4 Bxe4 12. Bd3 Bxd3 13. Qxd3 Bxd2 14. Qxd2 d5 15. cxd5 Qxd5 16. Qxd5 Nxd5 17. Rfc1 Rfc8 18. a3 Kf8 1/2-1/2

[Event "7th Paul Keres mem"]
[Site "Tallinn URS"]
[Date "1981.03.06"]
[Round "1"]
[White "Duric, Stefan"]
[Black "Uusi, Gunnar"]
[Result "1/2-1/2"]
[WhiteElo "2435"]
[BlackElo "2370"]
[EventDate "1981.03.06"]
[PlyCount "108"]

1. e4 e6 2. d4 d5 3. Nd2 c5 4. Ngf3 Nf6 5. exd5 Nxd5 6. Nb3 cxd4 7. Nbxd4 Be7 8. g3 O-O 9. Bg2 Nc6 10. Nxc6 bxc6 11. O-O Ba6 12. Re1 Bf6 13. c3 c5 14. Qc2 Rb8 15. Ne5 Qc7 16. Ng4 Be7 17. a3 Bd6 18. Bd2 Bb7 19. c4 Ne7 20. Bxb7 Rxb7 21. Bc3 Nc6 22. Rad1 h5 23. Nh6+ gxh6 24. Rxe6 Be5 25. Rxh6 f5 26. Rg6+ Kh7 27. Rxc6 Qxc6 28. Bxe5 Rd7 29. Qe2 Rxd1+ 30. Qxd1 Kg6 31. Qd5 Qxd5 32. cxd5 Re8 33. f4 Rd8 34. d6 Kf7 35. Kg2 Rb8 36. Kh3 Rb3 37. Kh4 Kg6 38. Bc3 Rb6 39. Be5 Rb3 40. Kh3 Rd3 41. Kh4 Rd2 42. h3 Rd3 43. g4 c4 44. g5 a6 45. a4 Rd1 46. Kg3 Rd2 47. h4 Kf7 48. Kf3 Rd3+ 49. Kg2 Rd1 50. Kh2 Rd2+ 51. Kg1 Kg6 52. Kh1 Kf7 53. Kg1 Re2 54. Kh1 Rd2 1/2-1/2

[Event "7th Paul Keres mem"]
[Site "Tallinn URS"]
[Date "1981.03.06"]
[Round "1"]
[White "Ftacnik, Lubomir"]
[Black "Bronstein, David"]
[Result "1/2-1/2"]
[WhiteElo "2520"]
[BlackElo "2490"]
[EventDate "1981.03.06"]
[PlyCount "40"]

1. Nf3 d5 2. d4 Bf5 3. c4 e6 4. Bg5 Be7 5. Bxe7 Qxe7 6. Qb3 c6 7. e3 Nf6 8. Nbd2 O-O 9. Be2 a5 10. a3 a4 11. Qc3 Ne4 12. Nxe4 dxe4 13. Nd2 c5 14. f3 exf3 15. Nxf3 Nc6 16. O-O Rfd8 17. Rad1 Be4 18. dxc5 Qxc5 19. Rxd8+ Rxd8 20. Rd1 Rxd1+ 1/2-1/2

[Event "7th Paul Keres mem"]
[Site "Tallinn URS"]
[Date "1981.03.06"]
[Round "1"]
[White "Gipslis, Aivars"]
[Black "Hazai, Laszlo"]
[Result "1-0"]
[WhiteElo "2470"]
[BlackElo "2450"]
[EventDate "1981.03.06"]
[PlyCount "119"]

1. e4 e5 2. Nf3 Nc6 3. Bc4 Nf6 4. d3 Be7 5. Bb3 O-O 6. O-O d6 7. c3 h6 8. Re1 Nh7 9. Nbd2 Ng5 10. h3 Kh8 11. d4 Bf6 12. dxe5 dxe5 13. Qe2 Ne7 14. Nc4 Ng6 15. Bxg5 hxg5 16. Rad1 Qe7 17. g3 Be6 18. Nh2 Rfd8 19. Ne3 Bxb3 20. axb3 Qe6 21. Qc4 Qxc4 22. Nxc4 Ne7 23. Nf3 Nc6 24. Rd5 Kg8 25. Red1 Re8 26. Kf1 Re6 27. b4 a6 28. Ke2 Rae8 29. Nfd2 Bd8 30. Nb3 b6 31. Kf3 Rf6+ 32. Kg2 Rfe6 33. Ne3 Kf8 34. Nd2 g6 35. Nf3 f6 36. h4 gxh4 37. Nxh4 Kf7 38. Kh3 Rg8 39. Ng4 Rh8 40. Kg2 Be7 41. Rd7 Rc8 42. Rh1 Rd6 43. Nh6+ Kg7 44. N4f5+ gxf5 45. Nxf5+ Kf7 46. Rh7+ Kg8 47. Rhxe7 Nxe7 48. Nxd6 cxd6 49. Rxe7 a5 50. bxa5 bxa5 51. Rb7 a4 52. Rb6 Kf7 53. Rxd6 a3 54. bxa3 Rxc3 55. Ra6 Rc2 56. a4 Ra2 57. Ra8 f5 58. exf5 e4 59. Kf1 Kf6 60. a5 1-0

[Event "7th Paul Keres mem"]
[Site "Tallinn URS"]
[Date "1981.03.06"]
[Round "1"]
[White "Gufeld, Eduard"]
[Black "Veingold, Aleksander"]
[Result "1-0"]
[WhiteElo "2515"]
[BlackElo "2445"]
[EventDate "1981.03.06"]
[PlyCount "57"]

1. e4 c5 2. Nf3 d6 3. d4 cxd4 4. Nxd4 Nf6 5. Nc3 Nc6 6. Bg5 e6 7. Qd2 a6 8. O-O-O h6 9. Be3 Bd7 10. f4 b5 11. Bd3 b4 12. Nce2 Qb8 13. h3 Qb7 14. Nf3 Rc8 15. Kb1 Na5 16. e5 Nd5 17. b3 Nc6 18. exd6 Bxd6 19. f5 Be7 20. Bc4 Nxe3 21. Qxe3 exf5 22. Ne5 Nxe5 23. Qxe5 f6 24. Qg3 g5 25. Nd4 Rxc4 26. bxc4 Kf7 27. Rhe1 Rd8 28. Qe3 Bc5 29. Ne6 1-0

[Event "7th Paul Keres mem"]
[Site "Tallinn URS"]
[Date "1981.03.06"]
[Round "1"]
[White "Petursson, Margeir"]
[Black "Nei, Iivo"]
[Result "1-0"]
[WhiteElo "2445"]
[BlackElo "2495"]
[EventDate "1981.03.06"]
[PlyCount "91"]

1. d4 d5 2. c4 e6 3. g3 Nf6 4. Bg2 Bb4+ 5. Nd2 O-O 6. Ngf3 Nc6 7. O-O Bxd2 8. Qxd2 dxc4 9. Qc3 Qd5 10. Rd1 Qb5 11. Nd2 Qa4 12. b3 cxb3 13. Nxb3 Nd5 14. Qb2 Na5 15. e4 Ne7 16. Bf4 Nxb3 17. axb3 Qd7 18. d5 Ng6 19. Be3 b6 20. h4 Ne7 21. Bd4 f6 22. e5 Nxd5 23. exf6 gxf6 24. Bxf6 Bb7 25. Ra4 Rxf6 26. Bxd5 Bxd5 27. Qxf6 Qg7 28. Qxg7+ Kxg7 29. b4 a6 30. Rda1 Kf6 31. Rxa6 Rc8 32. Rc1 Ke5 33. Rxb6 h5 34. Rb5 c6 35. Rbc5 Rb8 36. Rb1 Kd4 37. Rcc1 e5 38. Kf1 Bc4+ 39. Ke1 e4 40. Rb2 Rb6 41. Rd2+ Bd3 42. Rb2 Ra6 43. Rc5 Ra1+ 44. Kd2 Rg1 45. Rxc6 Rf1 46. Rf6 1-0

[Event "7th Paul Keres mem"]
[Site "Tallinn URS"]
[Date "1981.03.06"]
[Round "1"]
[White "Vogt, Lothar"]
[Black "Barczay, Laszlo"]
[Result "1-0"]
[WhiteElo "2455"]
[BlackElo "2415"]
[EventDate "1981.03.06"]
[PlyCount "167"]

1. e4 c5 2. Nc3 d6 3. Nge2 g6 4. d4 cxd4 5. Nxd4 Nc6 6. Be2 Nf6 7. Nb3 Bg7 8. O-O O-O 9. Bg5 Be6 10. Kh1 a5 11. a4 Rc8 12. f4 Nb4 13. Nd4 Bc4 14. Ndb5 Bxb5 15. Bxb5 h6 16. Bh4 Nh7 17. Qd2 g5 18. fxg5 hxg5 19. Bxg5 Nxg5 20. Qxg5 e6 21. Qg3 Rc5 22. Rf4 Rg5 23. Qf2 Be5 24. Rf3 Rg4 25. Rf1 Qh4 26. g3 Qh7 27. Bd3 Rg7 28. Nb5 Qh3 29. c3 Nxd3 30. Rxd3 Rd8 31. Rfd1 Rh7 32. Nxd6 Qg4 33. Kg1 Rg7 34. Nxb7 Rxd3 35. Rxd3 Qxe4 36. Nc5 Qa8 37. Nd7 Qe4 38. Nxe5 Qxe5 39. Rd8+ Kh7 40. Rd4 f5 41. Qf3 Kg6 42. Kf2 Rf7 43. Rh4 Rh7 44. Rxh7 Kxh7 45. Qd3 Qc5+ 46. Qd4 Qc6 47. Qa7+ Kg6 48. Qxa5 Qh1 49. Qe5 Qxh2+ 50. Ke3 Qxb2 51. Qxe6+ Kg5 52. Qg8+ Kf6 53. Qh8+ Kg6 54. Qe8+ Kg5 55. Qe7+ Kg6 56. Qd6+ Kg5 57. Qd4 Qa1 58. Kf2 Kg6 59. Qd6+ Kh5 60. Qb4 Qc1 61. Qd4 Qa3 62. Kf3 Kg6 63. g4 fxg4+ 64. Kxg4 Kf7 65. Kf5 Ke8 66. Ke4 Qa1 67. Kd5 Kd7 68. Kc5+ Kc8 69. Kc6 Qh1+ 70. Qd5 Qh6+ 71. Kb5 Qh2 72. Qc5+ Kb7 73. c4 Qb2+ 74. Qb4 Qf6 75. Ka5+ Ka8 76. Qd2 Ka7 77. Qd7+ Ka8 78. c5 Qc3+ 79. Kb6 Qb3+ 80. Ka6 Qc4+ 81. Qb5 Qf7 82. Qc6+ Kb8 83. Qb6+ Kc8 84. c6 1-0

[Event "7th Paul Keres mem"]
[Site "Tallinn URS"]
[Date "1981.03.07"]
[Round "2"]
[White "Barczay, Laszlo"]
[Black "Veingold, Aleksander"]
[Result "1/2-1/2"]
[WhiteElo "2415"]
[BlackElo "2445"]
[EventDate "1981.03.06"]
[PlyCount "47"]

1. e4 c5 2. Nf3 d6 3. d4 cxd4 4. Nxd4 Nf6 5. Nc3 Nc6 6. Bg5 e6 7. Qd2 a6 8. O-O-O h6 9. Be3 Qc7 10. f3 Bd7 11. g4 Ne5 12. h4 b5 13. Bd3 b4 14. Nce2 d5 15. exd5 Nxd5 16. Bf2 Rc8 17. Kb1 Nxd3 18. Qxd3 a5 19. Bg3 Bd6 20. Nb5 Bxb5 21. Qxb5+ Qc6 22. Qxc6+ Rxc6 23. Bxd6 Rxd6 24. Nf4 1/2-1/2

[Event "7th Paul Keres mem"]
[Site "Tallinn URS"]
[Date "1981.03.07"]
[Round "2"]
[White "Hazai, Laszlo"]
[Black "Ftacnik, Lubomir"]
[Result "0-1"]
[WhiteElo "2450"]
[BlackElo "2520"]
[EventDate "1981.03.06"]
[PlyCount "68"]

1. e4 c5 2. Nf3 d6 3. d4 cxd4 4. Nxd4 Nf6 5. Nc3 a6 6. Be3 e5 7. Nb3 Be7 8. Qd2 Be6 9. f3 Nbd7 10. g4 h6 11. O-O-O b5 12. h4 Nb6 13. Kb1 Nfd7 14. Be2 Rc8 15. g5 Qc7 16. gxh6 gxh6 17. Rhg1 Nc4 18. Bxc4 Qxc4 19. f4 Nf6 20. f5 Bd7 21. Qg2 a5 22. Nd5 Nxd5 23. Rxd5 a4 24. Nc5 Bc6 25. b3 axb3 26. cxb3 Qb4 27. Nd3 Qa5 28. Qg7 Bxd5 29. exd5 Qc3 30. Nc5 Rf8 31. Qxh6 dxc5 32. Qa6 Qd3+ 33. Kb2 Qxf5 34. d6 Bxh4 0-1

[Event "7th Paul Keres mem"]
[Site "Tallinn URS"]
[Date "1981.03.07"]
[Round "2"]
[White "Tal, Mikhail"]
[Black "Duric, Stefan"]
[Result "1/2-1/2"]
[WhiteElo "2555"]
[BlackElo "2435"]
[EventDate "1981.03.06"]
[PlyCount "75"]

1. c4 Nf6 2. Nc3 g6 3. d4 Bg7 4. e4 d6 5. f3 a6 6. Bd3 Nfd7 7. Nge2 e5 8. Be3 exd4 9. Nxd4 Nc6 10. Be2 O-O 11. O-O Nc5 12. Qd2 Rb8 13. Rad1 Bd7 14. Nd5 Ne6 15. Nb3 f5 16. exf5 Rxf5 17. f4 Rf7 18. Bd3 Qf8 19. Rf2 Nc5 20. Bc2 Na4 21. Be4 Nxb2 22. Rc1 Re8 23. Bf3 Bf5 24. g3 Be4 25. Nxc7 Rxc7 26. Bxe4 Rxe4 27. Qd5+ Qf7 28. Qxe4 Re7 29. Qf3 Nd3 30. Rd1 Nxf2 31. Kxf2 Qxc4 32. Rxd6 Rf7 33. Qd5 Qxd5 34. Rxd5 Nb4 35. Rd2 Bc3 36. Rd8+ Rf8 37. Rd7 Rf7 38. Rd8+ 1/2-1/2

[Event "7th Paul Keres mem"]
[Site "Tallinn URS"]
[Date "1981.03.07"]
[Round "2"]
[White "Uusi, Gunnar"]
[Black "Karner, Hillar"]
[Result "0-1"]
[WhiteElo "2370"]
[BlackElo "2410"]
[EventDate "1981.03.06"]
[PlyCount "126"]

1. d4 Nf6 2. c4 e6 3. Nf3 b6 4. g3 Bb7 5. Bg2 Bb4+ 6. Bd2 Be7 7. Nc3 O-O 8. O-O d5 9. Ne5 c6 10. cxd5 cxd5 11. Qa4 Nfd7 12. f4 f5 13. h3 Nxe5 14. fxe5 Nc6 15. Kh2 Na5 16. Rae1 Rc8 17. Qd1 Nc4 18. Bc1 Qd7 19. Qd3 Bb4 20. Rd1 a5 21. Nb1 a4 22. b3 axb3 23. axb3 Na5 24. g4 fxg4 25. hxg4 Bc6 26. g5 Bb5 27. Qe3 Rxf1 28. Rxf1 Qe8 29. Bh3 Qh5 30. Kg3 Qg6 31. Bd2 Be7 32. Kh2 Bd7 33. Nc3 Bxg5 34. Nxd5 exd5 35. Qxg5 Qxg5 36. Bxg5 Bxh3 37. Kxh3 h6 38. Bh4 Nxb3 39. Bf2 Nd2 40. Ra1 Ne4 41. Be1 Kf7 42. Ra7+ Kg6 43. Kg2 Rc4 44. e3 Rc1 45. Bb4 Rc2+ 46. Kg1 Ng5 47. Kf1 h5 48. Be7 Ne4 49. Bd8 b5 50. Rb7 Rc8 51. Bh4 Rc1+ 52. Kg2 Rc2+ 53. Kf3 Rh2 54. Be1 h4 55. e6 Kf5 56. Rf7+ Kxe6 57. Rxg7 h3 58. Rg8 Rb2 59. Rh8 b4 60. Kf4 h2 61. Rh6+ Kf7 62. Ke5 b3 63. Kxd5 Rc2 0-1

[Event "7th Paul Keres mem"]
[Site "Tallinn URS"]
[Date "1981.03.07"]
[Round "2"]
[White "Vogt, Lothar"]
[Black "Gipslis, Aivars"]
[Result "1/2-1/2"]
[WhiteElo "2455"]
[BlackElo "2470"]
[EventDate "1981.03.06"]
[PlyCount "36"]

1. e4 d6 2. d4 Nf6 3. Nc3 g6 4. Nf3 Bg7 5. Be2 O-O 6. O-O c6 7. a4 Nbd7 8. e5 dxe5 9. dxe5 Nd5 10. Nxd5 cxd5 11. Bf4 Qc7 12. Ra3 Nxe5 13. Kh1 Rd8 14. Re3 f6 15. b3 Bf5 16. Qa1 Be4 17. Nd2 Bf5 18. Nf3 Be4 1/2-1/2

[Event "7th Paul Keres mem"]
[Site "Tallinn URS"]
[Date "1981.03.07"]
[Round "2"]
[White "Vooremaa, Andres"]
[Black "Petursson, Margeir"]
[Result "1/2-1/2"]
[WhiteElo "2415"]
[BlackElo "2445"]
[EventDate "1981.03.06"]
[PlyCount "83"]

1. Nf3 Nf6 2. c4 c5 3. g3 Nc6 4. Bg2 d5 5. b3 e5 6. cxd5 Nxd5 7. Bb2 f6 8. O-O Be7 9. Nc3 Be6 10. Ne1 O-O 11. Nd3 Rc8 12. f4 exf4 13. Nxd5 Bxd5 14. Nxf4 Bxg2 15. Kxg2 Qd7 16. Qc2 Bd6 17. Qc4+ Qf7 18. Rac1 Rfe8 19. Kf2 Rcd8 20. Rfd1 b6 21. Qxf7+ Kxf7 22. Bc3 Rd7 23. d3 f5 24. Ng2 Be5 25. Bxe5 Rxe5 26. Rd2 Re8 27. h3 Nd4 28. Rb1 Rde7 29. Rbb2 g5 30. e3 Nb5 31. b4 cxb4 32. Rxb4 Re5 33. h4 h6 34. hxg5 hxg5 35. Rc2 R8e7 36. g4 Nc7 37. gxf5 Rxf5+ 38. Ke2 Ne6 39. Rg4 Rd5 40. Kd2 Nc5 41. Ne1 Ne4+ 42. Ke2 1/2-1/2

[Event "7th Paul Keres mem"]
[Site "Tallinn URS"]
[Date "1981.03.08"]
[Round "3"]
[White "Bagirov, Vladimir"]
[Black "Hazai, Laszlo"]
[Result "1/2-1/2"]
[WhiteElo "2505"]
[BlackElo "2450"]
[EventDate "1981.03.06"]
[PlyCount "32"]

1. c4 g6 2. d4 Bg7 3. Nf3 Nf6 4. g3 O-O 5. Bg2 d6 6. O-O Nbd7 7. Nc3 e5 8. e4 c6 9. Rb1 a6 10. h3 Re8 11. Re1 b5 12. b3 b4 13. Na4 c5 14. d5 h6 15. Nh2 h5 16. Nb2 h4 1/2-1/2

[Event "7th Paul Keres mem"]
[Site "Tallinn URS"]
[Date "1981.03.08"]
[Round "3"]
[White "Duric, Stefan"]
[Black "Bronstein, David"]
[Result "1/2-1/2"]
[WhiteElo "2435"]
[BlackElo "2490"]
[EventDate "1981.03.06"]
[PlyCount "25"]

1. e4 e5 2. Nf3 Nc6 3. Bc4 Nf6 4. d3 Be7 5. Bb3 O-O 6. O-O d6 7. c3 Bg4 8. h3 Bh5 9. Nbd2 Nd7 10. Bc2 Bg6 11. d4 exd4 12. Nxd4 Nxd4 13. cxd4 1/2-1/2

[Event "7th Paul Keres mem"]
[Site "Tallinn URS"]
[Date "1981.03.08"]
[Round "3"]
[White "Gipslis, Aivars"]
[Black "Barczay, Laszlo"]
[Result "1-0"]
[WhiteElo "2470"]
[BlackElo "2415"]
[EventDate "1981.03.06"]
[PlyCount "85"]

1. e4 c5 2. Nf3 d6 3. d4 cxd4 4. Nxd4 Nf6 5. Nc3 g6 6. Be2 Nc6 7. Nb3 Bg7 8. O-O O-O 9. Bg5 Be6 10. f4 b5 11. Bf3 Rc8 12. Kh1 Nd7 13. Rb1 Nb4 14. a3 Rxc3 15. axb4 Bxb3 16. bxc3 Bc4 17. Be2 Nb6 18. Bxc4 Nxc4 19. Rf3 Qc7 20. Qe2 Ra8 21. Rbf1 h6 22. Bh4 a5 23. bxa5 Rxa5 24. Bf2 Ra4 25. Bd4 e5 26. Be3 Qc6 27. Bg1 Bf8 28. h3 Ra8 29. f5 g5 30. f6 d5 31. exd5 Qxd5 32. Rd3 Qe6 33. Qe4 Re8 34. Qd5 e4 35. Qxe6 Rxe6 36. Rd8 e3 37. Re1 Rxf6 38. Bxe3 Nxe3 39. Rxe3 Kg7 40. Rd7 Rf1+ 41. Kh2 Kg6 42. Rf3 Rc1 43. Rdxf7 1-0

[Event "7th Paul Keres mem"]
[Site "Tallinn URS"]
[Date "1981.03.08"]
[Round "3"]
[White "Gufeld, Eduard"]
[Black "Vooremaa, Andres"]
[Result "1-0"]
[WhiteElo "2515"]
[BlackElo "2415"]
[EventDate "1981.03.06"]
[PlyCount "95"]

1. e4 c5 2. Nf3 Nc6 3. d4 cxd4 4. Nxd4 Qc7 5. Nb5 Qb8 6. a4 Nf6 7. N1c3 e6 8. Bd3 Bc5 9. O-O Ne5 10. Be2 a6 11. Nd4 O-O 12. Nb3 Ba7 13. Bg5 Ng6 14. Qd2 Ne8 15. a5 d6 16. Na4 Bd7 17. Nb6 Bxb6 18. axb6 h6 19. Be3 Nf6 20. f3 d5 21. Bd4 Nf4 22. e5 Nxe2+ 23. Qxe2 Bb5 24. Qe3 Nd7 25. Rf2 Qd8 26. f4 Rc8 27. Na5 Bc6 28. Raf1 Qe7 29. c3 Bb5 30. Re1 Bc6 31. Rf3 Kh7 32. Rg3 Rfe8 33. b4 Qh4 34. Rf1 Qh5 35. Qd3+ Qf5 36. Qxf5+ exf5 37. e6 Nf6 38. exf7 Rf8 39. Bxf6 gxf6 40. Nb3 Rxf7 41. Re1 d4 42. Nxd4 Be4 43. Ne6 Re7 44. Nc5 Rc6 45. Rd1 h5 46. Rd8 h4 47. Rh3 Rxb6 48. Rxh4+ 1-0

[Event "7th Paul Keres mem"]
[Site "Tallinn URS"]
[Date "1981.03.08"]
[Round "3"]
[White "Karner, Hillar"]
[Black "Tal, Mikhail"]
[Result "1/2-1/2"]
[WhiteElo "2410"]
[BlackElo "2555"]
[EventDate "1981.03.06"]
[PlyCount "85"]

1. d4 Nf6 2. Nf3 g6 3. g3 Bg7 4. Bg2 O-O 5. O-O d6 6. a4 a5 7. Nbd2 Nc6 8. c3 e5 9. dxe5 dxe5 10. e4 b6 11. Re1 Ba6 12. Bf1 Bxf1 13. Rxf1 Qd3 14. Ne1 Qa6 15. Qf3 Rad8 16. Nb1 Qc4 17. Nd2 Rxd2 18. Bxd2 Nxe4 19. Bc1 f5 20. Qd3 Qxd3 21. Nxd3 Rd8 22. Ne1 Nd2 23. Bxd2 Rxd2 24. Rb1 e4 25. f3 e3 26. Ng2 Bf8 27. Rfd1 Ne5 28. Rxd2 Nxf3+ 29. Kh1 exd2 30. Nf4 Ng5 31. Kg2 Ne4 32. Rd1 Bh6 33. Kf3 Kf7 34. Nd5 Nc5 35. Ne3 Bxe3 36. Kxe3 Ne4 37. Ke2 g5 38. Rf1 Ke6 39. Rf3 Ke5 40. Rd3 h5 41. Rd7 f4 42. gxf4+ gxf4 43. Rf7 1/2-1/2

[Event "7th Paul Keres mem"]
[Site "Tallinn URS"]
[Date "1981.03.08"]
[Round "3"]
[White "Petursson, Margeir"]
[Black "Uusi, Gunnar"]
[Result "1/2-1/2"]
[WhiteElo "2445"]
[BlackElo "2370"]
[EventDate "1981.03.06"]
[PlyCount "37"]

1. d4 Nf6 2. c4 e6 3. Nf3 b6 4. g3 Bb7 5. Bg2 Bb4+ 6. Nbd2 O-O 7. O-O d5 8. Ne5 c6 9. Ndf3 Ne4 10. Qc2 Bd6 11. Nd3 Nd7 12. Bf4 Bxf4 13. Nxf4 a5 14. Rfc1 Qe7 15. cxd5 exd5 16. Nd3 c5 17. dxc5 bxc5 18. Nf4 Rfd8 19. Nd2 1/2-1/2

[Event "7th Paul Keres mem"]
[Site "Tallinn URS"]
[Date "1981.03.08"]
[Round "3"]
[White "Veingold, Aleksander"]
[Black "Nei, Iivo"]
[Result "1/2-1/2"]
[WhiteElo "2445"]
[BlackElo "2495"]
[EventDate "1981.03.06"]
[PlyCount "30"]

1. e4 e5 2. Nf3 Nf6 3. Nxe5 d6 4. Nf3 Nxe4 5. Qe2 Qe7 6. d3 Nf6 7. Nc3 Bg4 8. Qxe7+ Bxe7 9. Be2 Nc6 10. h3 Bd7 11. Bd2 O-O 12. O-O-O a6 13. Rhe1 Rae8 14. Bf1 Bd8 15. Rxe8 Rxe8 1/2-1/2

[Event "7th Paul Keres mem"]
[Site "Tallinn URS"]
[Date "1981.03.10"]
[Round "4"]
[White "Barczay, Laszlo"]
[Black "Nei, Iivo"]
[Result "1/2-1/2"]
[WhiteElo "2415"]
[BlackElo "2495"]
[EventDate "1981.03.06"]
[PlyCount "129"]

1. e4 e5 2. Nf3 Nc6 3. Bc4 Nf6 4. d3 Be7 5. Bb3 d6 6. c3 O-O 7. O-O Bg4 8. Re1 Nd7 9. h3 Bh5 10. a3 Nc5 11. Ba2 Ne6 12. Nbd2 Kh8 13. Nf1 Ng5 14. Bxg5 Bxg5 15. Ng3 Bxf3 16. Qxf3 g6 17. Rad1 Qe7 18. d4 f6 19. Qg4 h5 20. Qe2 Nd8 21. Nf1 Kg7 22. Nh2 Bh6 23. h4 a6 24. Nf1 Ne6 25. g3 Rad8 26. b4 Rfe8 27. Bb3 Kh7 28. Ne3 Bxe3 29. Qxe3 Ng7 30. Rd2 Qd7 31. Qf3 Qe7 32. Rde2 Rf8 33. Qd3 Qd7 34. Kg2 Rde8 35. Bd5 Rb8 36. Qc2 Rfe8 37. a4 Ne6 38. Rd1 Ng7 39. a5 Qg4 40. Qd2 Rf8 41. Re3 Qd7 42. Rf3 Qe7 43. Qc2 Ne6 44. Qa2 Nd8 45. dxe5 Qxe5 46. Re3 Qe8 47. Bc4 Nf7 48. Be2 Nh6 49. Rd5 Rd8 50. Qc2 Rf7 51. Bf3 Re7 52. Qe2 Re5 53. Rxe5 dxe5 54. Rd3 Nf7 55. Qd1 Rd6 56. Rxd6 Nxd6 57. Qd5 Qe7 58. Be2 Kg7 59. Bd3 c6 60. Qc5 Qd7 61. Qe3 Qf7 62. Qa7 Nb5 63. Qc5 Qf8 64. Qb6 Qe7 65. Bxb5 1/2-1/2

[Event "7th Paul Keres mem"]
[Site "Tallinn URS"]
[Date "1981.03.10"]
[Round "4"]
[White "Gipslis, Aivars"]
[Black "Ftacnik, Lubomir"]
[Result "1/2-1/2"]
[WhiteElo "2470"]
[BlackElo "2520"]
[EventDate "1981.03.06"]
[PlyCount "67"]

1. Nf3 Nf6 2. g3 g6 3. b3 Bg7 4. Bb2 c5 5. c4 d6 6. Bg2 e5 7. O-O O-O 8. Nc3 Nc6 9. d3 Ne8 10. Nd2 Nc7 11. Nd5 f5 12. Nxc7 Qxc7 13. Nb1 f4 14. Nc3 Bg4 15. h3 Be6 16. Ne4 Bh6 17. g4 Qe7 18. Bf3 Nd4 19. Kg2 Rad8 20. Bxd4 exd4 21. a3 Bg7 22. b4 b6 23. Rh1 Rfe8 24. b5 d5 25. cxd5 Bxd5 26. Nd2 Be6 27. a4 h5 28. Nc4 Rd5 29. Qd2 Bh6 30. Rag1 Kh7 31. Kf1 Rg5 32. Ke1 Rd8 33. Qc2 h4 34. Kf1 1/2-1/2

[Event "7th Paul Keres mem"]
[Site "Tallinn URS"]
[Date "1981.03.10"]
[Round "4"]
[White "Hazai, Laszlo"]
[Black "Duric, Stefan"]
[Result "1-0"]
[WhiteElo "2450"]
[BlackElo "2435"]
[EventDate "1981.03.06"]
[PlyCount "89"]

1. e4 e5 2. Nf3 Nc6 3. Bb5 a6 4. Ba4 Nf6 5. O-O Be7 6. Re1 b5 7. Bb3 O-O 8. c3 d6 9. h3 h6 10. d4 Re8 11. Bc2 Bf8 12. Nbd2 Bd7 13. Nf1 Qc8 14. Ng3 g6 15. Be3 Qb7 16. Qd2 Kh7 17. Rad1 Rad8 18. Qc1 Bg7 19. Nh2 b4 20. f4 bxc3 21. bxc3 Na5 22. Bd3 Bb5 23. c4 Ba4 24. Rd2 exf4 25. Bxf4 Nd7 26. Nf3 Nc6 27. Ne2 Qa7 28. Be3 Nce5 29. Bb1 Nxf3+ 30. gxf3 c5 31. d5 Rb8 32. f4 Rb4 33. Bd3 Nf6 34. Ng3 Qb8 35. Rde2 Nd7 36. Kg2 Qd8 37. e5 dxe5 38. Bd2 Rb8 39. Bc3 e4 40. Nxe4 Rf8 41. Bxg7 Kxg7 42. Qa3 Qa5 43. Bc2 Nb6 44. Qb2+ f6 45. Nxf6 1-0

[Event "7th Paul Keres mem"]
[Site "Tallinn URS"]
[Date "1981.03.10"]
[Round "4"]
[White "Vogt, Lothar"]
[Black "Bagirov, Vladimir"]
[Result "1/2-1/2"]
[WhiteElo "2455"]
[BlackElo "2505"]
[EventDate "1981.03.06"]
[PlyCount "52"]

1. e4 Nf6 2. e5 Nd5 3. d4 d6 4. Nf3 Bg4 5. Be2 e6 6. O-O Be7 7. c4 Nb6 8. exd6 cxd6 9. Nbd2 Nc6 10. b3 O-O 11. Bb2 Bf5 12. a3 a5 13. Re1 Bf6 14. Rc1 d5 15. c5 Nd7 16. Nf1 b6 17. Bb5 Rc8 18. Qd2 Be4 19. cxb6 Qxb6 20. Bxc6 Rxc6 21. Rxc6 Qxc6 22. Qxa5 Qc2 23. Qc3 Rc8 24. Qxc2 Rxc2 25. Ba1 Be7 26. a4 Bb4 1/2-1/2

[Event "7th Paul Keres mem"]
[Site "Tallinn URS"]
[Date "1981.03.10"]
[Round "4"]
[White "Vooremaa, Andres"]
[Black "Veingold, Aleksander"]
[Result "1/2-1/2"]
[WhiteElo "2415"]
[BlackElo "2445"]
[EventDate "1981.03.06"]
[PlyCount "64"]

1. e4 c5 2. Nf3 d6 3. d4 cxd4 4. Nxd4 Nf6 5. Nc3 Nc6 6. Bg5 e6 7. Qd2 a6 8. O-O-O h6 9. Be3 Bd7 10. f4 b5 11. Bd3 Be7 12. Kb1 Nxd4 13. Bxd4 Bc6 14. Rhe1 O-O 15. e5 dxe5 16. Bxe5 b4 17. Ne4 Nxe4 18. Bxe4 Bxe4 19. Rxe4 Qxd2 20. Rxd2 Rfd8 21. Kc1 g5 22. fxg5 Bxg5 23. Bf4 Bxf4 24. Rxf4 a5 25. Rfd4 Rxd4 26. Rxd4 Rc8 27. Rd3 Kg7 28. a3 bxa3 29. Rxa3 Rc5 30. Kd2 f5 31. Rg3+ Kf6 32. b3 e5 1/2-1/2

[Event "7th Paul Keres mem"]
[Site "Tallinn URS"]
[Date "1981.03.11"]
[Round "5"]
[White "Duric, Stefan"]
[Black "Vogt, Lothar"]
[Result "0-1"]
[WhiteElo "2435"]
[BlackElo "2455"]
[EventDate "1981.03.06"]
[PlyCount "83"]

1. d4 Nf6 2. c4 g6 3. Nc3 Bg7 4. e4 d6 5. f3 O-O 6. Bg5 h6 7. Be3 e5 8. Nge2 c6 9. Qd2 Nbd7 10. O-O-O h5 11. Kb1 a6 12. h3 b5 13. c5 b4 14. Na4 Qa5 15. dxe5 Nxe5 16. Nb6 Be6 17. Nc1 Rad8 18. Nb3 Bxb3 19. axb3 dxc5 20. Qxd8 Rxd8 21. Rxd8+ Kh7 22. Rb8 Nfd7 23. Nxd7 Nxd7 24. Ra8 c4 25. Bxc4 Qe5 26. Bc1 Nb6 27. Rxa6 Nxc4 28. bxc4 Qd4 29. Ra8 b3 30. Ra4 h4 31. Ra3 Qxc4 32. Re1 Bd4 33. e5 Qc2+ 34. Ka1 Bc3 35. Rg1 Bxe5 36. Ra4 Kg7 37. Re1 Bf6 38. Rae4 c5 39. f4 c4 40. R4e2 Qf5 41. Bd2 Qd7 42. Bc3 0-1

[Event "7th Paul Keres mem"]
[Site "Tallinn URS"]
[Date "1981.03.11"]
[Round "5"]
[White "Ftacnik, Lubomir"]
[Black "Barczay, Laszlo"]
[Result "1/2-1/2"]
[WhiteElo "2520"]
[BlackElo "2415"]
[EventDate "1981.03.06"]
[PlyCount "82"]

1. Nf3 c5 2. c4 Nf6 3. Nc3 Nc6 4. g3 g6 5. Bg2 Bg7 6. d4 O-O 7. O-O d6 8. d5 Na5 9. Nd2 e5 10. b3 Ng4 11. a3 e4 12. Ndxe4 f5 13. Bg5 Qd7 14. Rb1 fxe4 15. Nxe4 b6 16. h3 Nh6 17. g4 Kh8 18. Qc1 Ng8 19. Bd2 Qe7 20. Bc3 Nb7 21. f4 Bd7 22. Ng3 Rae8 23. e4 Bxc3 24. Qxc3+ Qg7 25. Qxg7+ Kxg7 26. Rbe1 Na5 27. Re3 b5 28. e5 bxc4 29. b4 cxb4 30. axb4 Nb3 31. e6 Nd4 32. Ne4 Bxe6 33. dxe6 Rxe6 34. Ra3 Rxf4 35. Rxa7+ Re7 36. Rfa1 Nb5 37. R7a5 d5 38. Ng3 Nc3 39. Bxd5 Nxd5 40. Rxd5 Re3 41. Kg2 Rb3 1/2-1/2

[Event "7th Paul Keres mem"]
[Site "Tallinn URS"]
[Date "1981.03.11"]
[Round "5"]
[White "Gufeld, Eduard"]
[Black "Tal, Mikhail"]
[Result "1/2-1/2"]
[WhiteElo "2515"]
[BlackElo "2555"]
[EventDate "1981.03.06"]
[PlyCount "39"]

1. e4 c5 2. Nf3 e6 3. d4 cxd4 4. Nxd4 Nf6 5. Nc3 d6 6. Be2 Be7 7. O-O a6 8. a4 O-O 9. f4 Qc7 10. Qe1 Nc6 11. Be3 Nxd4 12. Bxd4 e5 13. Be3 exf4 14. Bxf4 Be6 15. Qg3 Nd7 16. Bh6 Qc5+ 17. Kh1 Qe5 18. Bf4 Qc5 19. Bh6 Qe5 20. Bf4 1/2-1/2

[Event "7th Paul Keres mem"]
[Site "Tallinn URS"]
[Date "1981.03.11"]
[Round "5"]
[White "Nei, Iivo"]
[Black "Vooremaa, Andres"]
[Result "1-0"]
[WhiteElo "2495"]
[BlackElo "2415"]
[EventDate "1981.03.06"]
[PlyCount "40"]

1. d4 Nf6 2. c4 c5 3. d5 e6 4. Nc3 exd5 5. cxd5 d6 6. e4 g6 7. f4 Bg7 8. Bb5+ Nfd7 9. Bd3 a6 10. a4 O-O 11. Nge2 Qh4+ 12. g3 Qe7 13. Kf2 Nf6 14. h3 c4 15. Bc2 h5 16. Kg2 Nbd7 17. Re1 Nc5 18. Ng1 Bd7 19. e5 Nh7 20. Be3 Rac8 1-0